000 00203nam a22000857a 4500
008 161210b xxu||||| |||| 00| 0 eng d
100 _91980
_aDayaram.N.
245 _aMathematics-XII
260 _aNew Delhi
_c2008
999 _c4790
_d4790